000 00442nam a2200169 a 4500
001 0000-8747
003 ELIB.Books
008 110520 1988
035 _a(ELIB.Books)0000-8893
082 _a230
_bKun
100 _aKung, Hans
245 _aTheology for the third Millennium
260 _bNew York: Doubleday & Company, Inc.
_c1988
650 _aChristian Theology
942 _2ddc
_cBK
998 _cbat
_e2011-05-20
999 _c8747
_d8747